Catalog

Record Details

Catalog Search



Stormy persuasion #11 [Large Print] / Johanna ... Read More

Lindsey, Johanna,(author.).

Available copies

  • 1 of 1 copy available at LARL/NWRL Consortium.
  • 1 of 1 copy available at Northwest Regional Library. (Show preferred library)

Current holds

0 current holds with 1 total copy.

Show Only Available Copies
Location Call Number / Copy Notes Barcode Shelving Location Status Due Date
Godel Memorial-Warren Library lp LIN (Text) 35500005480023 Main Available -

Record details

  • ISBN: 9781594138331
  • ISBN: 1594138338
  • Physical Description: 513 pages (large print) ; 22 cm.
  • Edition: Large print edition.
  • Publisher: Farmington Hills, Mich : Large Print Press, a part of Gale, Cengage Learning, 2015.

Content descriptions

General Note:
Originally published in hardcover in 2014 by Gallery Books.
Summary, etc.:
James Malory sets sail for America to honor a ... Read More
Subject: Malory family (Fictitious characters) > Fiction.
Aristocracy (Social class) > England > Fiction.
Man-woman relationships > Fiction.
Smugglers > Fiction.
Ocean travel > 19th century > Fiction.
Genre: Love stories.
Historical fiction.
Regency fiction.
Large type books.
LDR 02963cam a2200445Ii 4500
001177073
003LARL_NWRL_CONSORTIUM
00520150317170326.0
008140914s2015 miu d 000 1 eng d
020 . ‡a9781594138331 ‡q(pbk.)
020 . ‡a1594138338 ‡q(pbk.)
035 . ‡a(OCoLC)890624172
049 . ‡aNRGE
08204. ‡a813/.6 ‡223
1001 . ‡aLindsey, Johanna, ‡eauthor. ‡0(LARL_NWRL_CONSORTIUM)79353
24510. ‡aStormy persuasion ‡n#11 ‡h[Large Print] / ‡cJohanna Lindsey.
250 . ‡aLarge print edition.
260 . ‡aFarmington Hills, Mich : ‡bLarge Print Press, a part of Gale, Cengage Learning, ‡c2015.
300 . ‡a513 pages (large print) ; ‡c22 cm.
336 . ‡atext ‡btxt ‡2rdacontent
337 . ‡aunmediated ‡bn ‡2rdamedia
338 . ‡avolume ‡bnc ‡2rdacarrier
340 . ‡nlarge print ‡2rda
4900 . ‡aMalory family ; ‡v11
500 . ‡aOriginally published in hardcover in 2014 by Gallery Books.
520 . ‡aJames Malory sets sail for America to honor a promise he made to his in-laws: His and Georgina's daughter, Jacqueline, will have her come-out in America. Judith and Jacqueline Malory are not simply cousins; they are inseparable best friends. Refusing to miss Jacqueline's come-out in Connecticut, Judith convinces her parents to let her delay her London debut by a few weeks so she can accompany her cousin. Neither girl intends to fall in love during her first Season. But Judith's plans are overturned when aboard ship she comes face-to-face with the ghost who has been haunting her dreams. Unknown to the Malorys, deckhand Nathan Tremayne is a smuggler with a noose around his neck. Determined to carry out a covert mission in America that could gain him a pardon, Nathan senses that beautiful Judith Malory is trouble. Somehow the minx knows his secret -- and now she's blackmailing him into doing her bidding. While passions can soar on the high seas, Nathan knows this aristocratic beauty is merely amusing herself with a scoundrel like him. When the unthinkable happens in Connecticut and the elder Malorys' hands are tied, Nathan takes command of a dire situation. Captaining his own ship, he turns the tables on Judith, as he steers them into some intense Caribbean heat where he will fight with all his mettle to win the right to her heart.
650 0. ‡aMalory family (Fictitious characters) ‡vFiction.
650 0. ‡aAristocracy (Social class) ‡zEngland ‡vFiction. ‡0(LARL_NWRL_CONSORTIUM)170726
650 0. ‡aMan-woman relationships ‡vFiction. ‡0(LARL_NWRL_CONSORTIUM)165985
650 0. ‡aSmugglers ‡vFiction. ‡0(LARL_NWRL_CONSORTIUM)175123
650 0. ‡aOcean travel ‡y19th century ‡vFiction.
655 7. ‡aLove stories. ‡2gsafd
655 7. ‡aHistorical fiction. ‡2gsafd
655 7. ‡aRegency fiction. ‡2gsafd
655 0. ‡aLarge type books.
901 . ‡a177073 ‡bOCLC ‡c177073 ‡tbiblio

Additional Resources